Country Logic Puzzle by Scambigol #8 - Statistics

General Stats
  • This quiz has been taken 1,126 times
  • The average score is 18 of 22
Answer Stats
Answer % Correct
Oman
93%
Yemen
93%
Bhutan
92%
Zambia
92%
China
88%
Jordan
85%
Vietnam
85%
Namibia
84%
Russia
84%
Uganda
84%
Djibouti
83%
Ethiopia
83%
Honduras
83%
Israel
83%
Laos
83%
Argentina
82%
Guatemala
81%
Kenya
81%
Turkey
80%
Paraguay
78%
Myanmar
76%
Syria
74%
No matching quizzes found
Score Distribution
Percent of People with Each Score
Percentile by Number Answered
Your Score History
You have not taken this quiz